书目信息 |
| 题名: |
中小企业融资实务
|
|
| 作者: | 齐力然 , 任谷龙 编著 | |
| 分册: | ||
| 出版信息: | 北京 中国法制出版社 2017 |
|
| 页数: | 346页 | |
| 开本: | 23cm | |
| 丛书名: | ||
| 单 册: | ||
| 中图分类: | F276.3 | |
| 科图分类: | ||
| 主题词: | 中小企业--企业融资--研究 | |
| 电子资源: | ||
| ISBN: | 978-7-5093-7643-0 | |
| 000 | 01226nam0 2200277 450 | |
| 001 | 012001004550 | |
| 005 | 20140928162349.0 | |
| 010 | @a978-7-5093-7643-0@dCNY56.00 | |
| 100 | @a20170215d2017 em y0chiy50 ea | |
| 101 | 0 | @achi |
| 102 | @aCN@b110000 | |
| 105 | @ay z 000yy | |
| 106 | @ar | |
| 200 | 1 | @a中小企业融资实务@9zhong xiao qi ye rong zi shi wu@e案例解析与法律风险防范@f齐力然,任谷龙编著 |
| 210 | @a北京@c中国法制出版社@d2017 | |
| 215 | @a346页@d23cm | |
| 314 | @a齐力然,男,现任中国中小企业协会副秘书长。主持编写《中小企业政策巧用》。 | |
| 314 | @a任谷龙,男,北京安杰律师事务所合伙人律师,北京外国语大学法学硕士校外导师。著有《金融业务律师实务:操作指引与办理规范》。 | |
| 330 | @a本书详述了民间借贷、非银金融机构融资、互联网金融、创投和私募股权融资、银行融资、债券融资、上市融资等7种主要融资方式,并且通过剖析真实案例,直观展现中小企业融资的方法和技巧,并且从法律的角度提出了风险防范的针对性建议。 | |
| 517 | 1 | @a案例解析与法律风险防范@9an li jie xi yu fa lv feng xian fang fan |
| 606 | 0 | @a中小企业@x企业融资@x研究 |
| 690 | @aF276.3@v5 | |
| 701 | 0 | @a齐力然@9qi li ran@4编著 |
| 701 | 0 | @a任谷龙@9ren gu long@4编著 |
| 801 | 0 | @aCN@b上海新华@c20180901 |
| 905 | @b1170917-21@dF276.3@e1635@f5 | |
| 中小企业融资实务:案例解析与法律风险防范/齐力然,任谷龙编著.-北京:中国法制出版社,2017 |
| 346页;23cm |
| ISBN 978-7-5093-7643-0:CNY56.00 |
| 本书详述了民间借贷、非银金融机构融资、互联网金融、创投和私募股权融资、银行融资、债券融资、上市融资等7种主要融资方式,并且通过剖析真实案例,直观展现中小企业融资的方法和技巧,并且从法律的角度提出了风险防范的针对性建议。 |
| ● |
| 相关链接 |
|
|
|
|
正题名:中小企业融资实务
索取号:F276.3/1635
 
预约/预借
| 序号 | 登录号 | 条形码 | 馆藏地/架位号 | 状态 | 备注 |
| 1 | 1170917 | 211709178 | 第一样本阅览室/ [索取号:F276.3/1635] | 在馆 | |
| 2 | 1170918 | 211709187 | 第一借阅区/ [索取号:F276.3/1635] | 在馆 | |
| 3 | 1170919 | 211709196 | 第一借阅区/ [索取号:F276.3/1635] | 在馆 | |
| 4 | 1170920 | 211709203 | 第一借阅区/ [索取号:F276.3/1635] | 在馆 | |
| 5 | 1170921 | 211709212 | 密集书库-海洋学院/ [索取号:F276.3/1635] | 在馆 |